000 00296nam a2200121Ia 4500
008 190216s9999||||xx |||||||||||||| ||und||
100 _aRima Tiwari
245 0 _aHindi-Sachithra Noothan Hindi Balakosh
260 _bLekhika Yev Prakashan
_c2010
300 _a192
650 _aHindi
942 _cBK
999 _c16841
_d16841